Az iskolai tudás egyes összetevői - települési különbségek
Elmentve itt :
| Szerző: | |
|---|---|
| Dokumentumtípus: | Cikk |
| Megjelent: |
2000
|
| Sorozat: | Iskolakultúra
10 No. 8 |
| Online Access: | http://misc.bibl.u-szeged.hu/40198 |
| LEADER | 00586nab a2200169 i 4500 | ||
|---|---|---|---|
| 001 | misc40198 | ||
| 005 | 20191106140906.0 | ||
| 008 | 180709s2000 hu o 0|| zxx d | ||
| 022 | |a 1215-5233 | ||
| 040 | |a SZTE Miscellanea Repozitórium |b hun | ||
| 041 | |a zxx | ||
| 100 | 1 | |a Balázs Éva | |
| 245 | 1 | 3 | |a Az iskolai tudás egyes összetevői - települési különbségek |h [elektronikus dokumentum] / |c Balázs Éva |
| 260 | |c 2000 | ||
| 300 | |a 34-48 | ||
| 490 | 0 | |a Iskolakultúra |v 10 No. 8 | |
| 856 | 4 | 0 | |u http://misc.bibl.u-szeged.hu/40198/1/EPA00011_iskolakultura_2000_08_034-048.pdf |z Dokumentum-elérés |